Against the run of play: how an incumbent president was defeated in Nigeria (Record no. 27054)

MARC details
000 -LEADER
fixed length control field 00436nam a2200169Ia 4500
020 ## - INTERNATIONAL STANDARD BOOK NUMBER
ISBN 9789785460469
050 ## - CALL MARK
Classification number JN 956 .A34/
100 ## - STATEMENT OF RESPONSIBILITY--MAIN AUTHOR NAME
Personal name Adeniyi, Olusegun
245 #0 - TITLE STATEMENT
Title Against the run of play: how an incumbent president was defeated in Nigeria
260 ## - PUBLICATION, DISTRIBUTION, ETC. (IMPRINT)
Place of publication Yaba
260 ## - PUBLICATION, DISTRIBUTION, ETC. (IMPRINT)
Name of publisher This Day Books
260 ## - PUBLICATION, DISTRIBUTION, ETC. (IMPRINT)
Year of publication 2017
300 ## - PHYSICAL DESCRIPTION
Number of Pages 204 p
942 ## - ADDED ENTRY ELEMENTS (KOHA)
Koha item type Books
Holdings
Withdrawn status Lost status Source of classification or shelving scheme Damaged status Not for loan Permanent Location Current Location Date acquired Full call number Accession Number Price effective from Koha item type
    Library of Congress Classification     NILE UNIVERSITY OF NIGERIA - MAIN LIBRARY NILE UNIVERSITY OF NIGERIA - MAIN LIBRARY 04/23/2025 JN 956 .A34/ 0186743 04/23/2025 Books